Autonomy and biogenesis of mitochondria and chloroplasts : (Record no. 10733)
[ view plain ]
| 000 -LEADER | |
|---|---|
| fixed length control field | 01293cam a2200349 4500 |
| 001 - CONTROL NUMBER | |
| control field | 10733 |
| 003 - CONTROL NUMBER IDENTIFIER | |
| rucl marc code | BD-RjUL |
| 005 - DATE AND TIME OF LATEST TRANSACTION | |
| control field | 20211208235015.0 |
| 008 - FIXED-LENGTH DATA ELEMENTS--GENERAL INFORMATION | |
| fixed length control field | 140125s1971 ne a b 100 0 eng d |
| 020 ## - INTERNATIONAL STANDARD BOOK NUMBER | |
| International Standard Book Number | 0720440874 |
| 035 ## - SYSTEM CONTROL NUMBER | |
| System control number | (BD-RjUL)10782 |
| 040 ## - CATALOGING SOURCE | |
| Original cataloging agency | DLC |
| Transcribing agency | DLC |
| Modifying agency | DLC |
| -- | (BD-RjUL) |
| Language of cataloging | eng |
| 041 ## - LANGUAGE CODE | |
| Language code of text/sound track or separate title | eng |
| 082 00 - DEWEY DECIMAL CLASSIFICATION NUMBER | |
| Classification number | 574.8734 |
| Author mark and year | AUT |
| 245 00 - TITLE STATEMENT | |
| Title | Autonomy and biogenesis of mitochondria and chloroplasts : |
| Remainder of title | a symposium sponsored by International Union of Biochemistry, Australian Academy of Science and United States National Academy of Sciences / |
| Statement of responsibility, etc. | Ed. by N. K. Boardman, Anthony W. Linnane and Robert M. Smillie. |
| 260 ## - PUBLICATION, DISTRIBUTION, ETC. (IMPRINT) | |
| Place of publication, distribution, etc. | Amsterdam : |
| Name of publisher, distributor, etc. | North-Holland Pub. Co. , |
| Date of publication, distribution, etc. | 1971. |
| 300 ## - PHYSICAL DESCRIPTION | |
| Pagination | xi, 511 p. : |
| Size | 27 cm. |
| Illustrations | illus. ; |
| 350 ## - PRICE (NR) (BK AM CF MU VM SE) [OBSOLETE] | |
| Price | fl124.80 |
| 500 ## - GENERAL NOTE | |
| General note | Symposium held in Canberra, Dec. 8-13, 1969. |
| 504 ## - BIBLIOGRAPHY, ETC. NOTE | |
| Bibliography, etc | Includes bibliographical references. |
| 650 #0 - SUBJECT ADDED ENTRY--TOPICAL TERM | |
| Topical term or geographic name as entry element | Mitochondria |
| General subdivision | Congresses. |
| 9 (RLIN) | 33196 |
| Topical term or geographic name as entry element | Chloroplasts |
| General subdivision | Congresses. |
| 9 (RLIN) | 33197 |
| 700 1# - ADDED ENTRY--PERSONAL NAME | |
| Relator term | ed. |
| Relator term | ed. |
| Relator term | ed. |
| 710 2# - ADDED ENTRY--CORPORATE NAME | |
| Corporate name or jurisdiction name as entry element | International Union of Biochemistry. |
| 9 (RLIN) | 33201 |
| Corporate name or jurisdiction name as entry element | Australian Academy of Science. |
| 9 (RLIN) | 33202 |
| Corporate name or jurisdiction name as entry element | National Academy of Sciences (U.S.) |
| 9 (RLIN) | 5760 |
| 942 ## - ADDED ENTRY ELEMENTS (KOHA) | |
| Source of classification or shelving scheme | Dewey Decimal Classification |
| Koha item type | Books |
| Lost status | Source of classification or shelving scheme | Damaged status | Not for loan | Collection code | Permanent Location | Current Location | Shelving location | Date acquired | Source of acquisition | Total Checkouts | Full call number | Date last seen | Copy number | Koha item type |
|---|---|---|---|---|---|---|---|---|---|---|---|---|---|---|
| Dewey Decimal Classification | Not For Loan | Non-fiction | Central Library, University of Rajshahi | Central Library, University of Rajshahi | Reading Room | 12/08/1981 | Neatherland gift | 574.8734 AUT 1971 | 25/01/2014 | C-1 | Books |